Mystery Science Theater 3000 Episode (Photos)* Quiz Stats

 Plays Quiz not verified by Sporcle

Score 0/26 Timer 10:00
0 Plays Today
% Correct
Manos: The Hands of Fate
91.1%
Mitchell
86.7%
Hobgoblins
84.4%
This Island Earth
80%
Space Mutiny
75.6%
The Final Sacrifice
75.6%
The Touch of Satan
75.6%
Eegah
75.6%
Gamera
75.6%
Girl in Gold Boots
73.3%
Pod People
73.3%
The Devil Doll
73.3%
Hamlet
73.3%
% Correct
Prince of Space
71.1%
Laserblast
66.7%
Catalina Caper
66.7%
Cave Dwellers
64.4%
Sky Divers
64.4%
Zombie Nightmare
62.2%
Soultaker
60%
Beginning of the End
55.6%
Santa Claus
42.2%
The Unearthly
40%
Star Force
35.6%
Deathstalker and the Warriors from Hell
31.1%
The Dead Talk Back
24.4%

You're not logged in!

Compare scores with friends on all Sporcle quizzes.
OR
Log In

Sporcle TV

Today on Sporcle TV


Watch our educational content, quiz creation guides, and fun videos on Sporcle TV.

Show Comments

Extras

Top Quizzes Today


Score Distribution

Your Account Isn't Verified!

In order to create a playlist on Sporcle, you need to verify the email address you used during registration. Go to your Sporcle Settings to finish the process.

Report this User

Report this user for behavior that violates our Community Guidelines.

Details: